La exportación de servicios en el impuesto al valor agregado (Registro nro. 20282)

Detalles MARC
000 -LEADER
fixed length control field 00368 a2200121 4500
001 - CONTROL NUMBER
control field ART_50532
005 - DATE AND TIME OF LATEST TRANSACTION
control field 20260410161758.0
008 - FIXED-LENGTH DATA ELEMENTS--GENERAL INFORMATION
fixed length control field 260409a
100 1# - MAIN ENTRY--PERSONAL NAME
Personal name Gotlib, Gabriel
245 10 - TITLE STATEMENT
Title La exportación de servicios en el impuesto al valor agregado
700 1# - ADDED ENTRY--PERSONAL NAME
Personal name Carbone, Sergio
773 0# - HOST ITEM ENTRY
Title Doctrina tributaria
Related parts - N°479 (feb. 2020)
Record control number REV4296

No hay ítems disponibles.